000 00527nas a22001937a 4500
999 _c33823
_d33823
003 OSt
005 20250307215044.0
008 160601b xxu||||| |||| 00| 0 eng d
022 _a2070-0458
040 _cBMC
082 _a600.7284
245 0 0 _aRevista tecnológica
_pEnero-diciembre 2022
260 _aSan Salvador
_bITCA
_bFEPADE
_c2022
300 _a62 p.
_c28 cm
_bil. col
490 _aRevista tecnológica
_v15
500 _aDatos tomados de la cub.-
650 2 4 _932954
_aTecnología
_zEl Salvador
942 _2ddc
_cPR